Statistics for death- melanie martinez lyrics

Click here to take the quiz!

General Stats

  • This quiz has been taken 184 times
  • The average score is 344 of 453

Answer Stats

HintAnswer% Correct
i
100%
death
95%
the
91%
back
88%
dead
88%
my
88%
from
87%
im
87%
ein
87%
we
87%
you
85%
again
84%
are
84%
grave
84%
name
84%
they
84%
tand
83%
die
83%
but
82%
your
82%
dont
81%
don't
81%
me
81%
alive
79%
body
79%
flowers
79%
has
79%
shoulder
79%
carving
78%
died
78%
on
78%
theyre
78%
dthey're
78%
to
78%
fresh
77%
still
77%
their
77%
when
77%
faces
75%
wet
74%
look
73%
over
73%
all
71%
be
71%
ever
71%
it
71%
aren't
68%
around
68%
here
68%
ground
67%
into
67%
say
67%
sink
67%
time
67%
wanna
66%
carrying
65%
closer
64%
meet
64%
not
64%
so
64%
understand
64%
by
63%
saying
63%
try
63%
pretend
62%
side
62%
weight
62%
mind
61%
never
61%
always
60%
come
60%
i'll
59%
ill
59%
nothing
58%
words
58%
youre
58%
you're
58%
candles
57%
cheek
57%
draw
57%
every
57%
help
57%
immortal
57%
mean
57%
design
56%
shoulders
56%
take
56%
cannot
55%
this
54%
across
53%
them
53%
same
51%
gone
50%
kissed
50%
lighting
50%
meeting
50%
other
49%
plain
49%
far
48%
gave
48%
things
47%
closure
46%
prayers
46%
everytime
43%
goodbye
42%
right
42%
wont
42%
flicker
40%
please
40%
worry
40%
know
34%
lights
34%
its
33%
screaming
33%
morbid
32%
away
31%
doing
31%
of
31%
burning
29%
connect
29%
ends
29%
pleading
29%
pull
29%
run
29%
day
28%
witchcraft
28%
one
27%
our
27%
fear
26%
ghosts
26%
sage
26%
show
26%
presence
24%
talk
24%
too
24%
barriers
22%
lines
22%
strong
22%
we're
22%
seeing
8%
seperating
1%

Score Distribution

Percentile by Number Answered

Percent of People with Each Score

Your Score History

You have not taken this quiz